| 000 | 00481nam a2200133Ia 4500 | ||
|---|---|---|---|
| 008 | 220620s9999||||xx |||||||||||||| ||und|| | ||
| 020 | _a978-605-4448-22-7 | ||
| 245 | 0 | _aWATER, ENERGY AND ENVIRONMENT IN EURASIA | |
| 546 | _aEnglish[eng] | ||
| 650 | _aWater-energy-environment nexus||sustainability||Central Asia||Caucasus||Turkey||International Relations | ||
| 700 | _aTanrisever, Oktay F.||Sakal, Halil Burak | ||
| 856 | _uhttps://hdl.handle.net/20.500.12695/1573 | ||
| 942 | _cEB | ||
| 999 |
_c31678 _d31678 |
||